Инструкции для наблюдательных пунктов. Вып. 11: Болезни ягодников (Запись № 13583342)

Подробности
000 -МАРКЕР
контрольное поле 01595nam2a2200265 4500
001 - ИДЕНТИФИКАТОР ЗАПИСИ
контрольное поле rc\2874444
005 - ИДЕНТИФИКАТОР ВЕРСИИ
контрольное поле 20260315051845.0
035 ## - ДРУГИЕ СИСТЕМНЫЕ НОМЕРА
Идентификатор записи (NLR Aleph) 007027664
100 ## - ДАННЫЕ ОБЩЕЙ ОБРАБОТКИ
Данные общей обработки 20110715d1932 u y0rusy50 ca
101 0# - ЯЗЫК РЕСУРСА
Язык текста, звукозаписи и т.д. русский
102 ## - СТРАНА ПУБЛИКАЦИИ ИЛИ ПРОИЗВОДСТВА
Страна публикации Российская Федерация
105 ## - ПОЛЕ КОДИРОВАННЫХ ДАННЫХ: ТЕКСТОВЫЕ МАТЕРИАЛЫ, МОНОГРАФИЧЕСКИЕ
Кодированные данные о монографическом текстовом документе y z |||||
200 1# - ЗАГЛАВИЕ И СВЕДЕНИЯ ОБ ОТВЕТСТВЕННОСТИ
Основное заглавие Болезни ягодников
210 ## - ПУБЛИКАЦИЯ, РАСПРОСТРАНЕНИЕ И ДР.
Дата издания, распространения и т.д. 1932
461 #0 - УРОВЕНЬ НАБОРА
Встроенное поле 001rc\2874436
-- 2001#$aИнструкции для наблюдательных пунктов$eВып. 2-$fНКЗ. Всесоюз. гос. объединение по борьбе с вредителями в сельском и лесном хозяйстве. Упр. службы учета$vВып. 11
Системный номер (АБИС) связанной записи 5971754
Автор Всесоюзное объединение по борьбе с вредителями сельского и лесного хозяйства. Управление службы учета
Место публикации Ленинград
Дата публикации 1932
Первые сведения об ответственности НКЗ. Всесоюз. гос. объединение по борьбе с вредителями в сельском и лесном хозяйстве. Упр. службы учета
Имя издателя, распространителя и т.д. УСУ ОБВ
Сведения, относящиеся к заглавию Вып. 2-
Заглавие Инструкции для наблюдательных пунктов
Номер тома Вып. 11
700 #1 - ИМЯ ЛИЦА - ПЕРВИЧНАЯ ОТВЕТСТВЕННОСТЬ
Начальный элемент ввода Бондарцев
Часть имени, кроме начального элемента ввода А.С.
701 #1 - ИМЯ ЛИЦА - АЛЬТЕРНАТИВНАЯ ОТВЕТСТВЕННОСТЬ
Начальный элемент ввода Зимина
Часть имени, кроме начального элемента ввода В.Н.
701 #1 - ИМЯ ЛИЦА - АЛЬТЕРНАТИВНАЯ ОТВЕТСТВЕННОСТЬ
Графика поля Кириллица
Материалы, к которым относится поле rus
Начальный элемент ввода Степанов
Часть имени, кроме начального элемента ввода К. М.
Дополнения к именам, кроме дат д-р биол. наук
Даты 1900-1982
Расширение инициалов личного имени Константин Михайлович
Системный номер авторитетной/нормативной записи 215191
Идентификатор авторитетной/нормативной записи RU\NLR\AUTH\770215247
801 #0 - ИСТОЧНИК ЗАПИСИ
Страна Российская Федерация
Организация NLR
Правила каталогизации psbo
801 #1 - ИСТОЧНИК ЗАПИСИ
Страна Российская Федерация
Организация ELAR
Источник данных rusmarc
852 ## - МЕСТОНАХОЖДЕНИЕ И ШИФР ХРАНЕНИЯ
Идентификатор организации NLR
Шифр хранения (Call Number) 32-15/231
942 ## - ДОПОЛНИТЕЛЬНЫЕ ЭЛЕМЕНТЫ ЗАПИСИ (АБИС)
Тип экземпляра АБИС Неопределено
980 ## - КОЛЛЕКЦИЯ
Название коллекции Национальная библиография

Нет доступных экземпляров.